Electronic amplifier circuits theory and design (Record no. 2011)

MARC details
000 -LEADER
fixed length control field 00764nam a2200229Ia 4500
003 - CONTROL NUMBER IDENTIFIER
control field IN-BaIIA
008 - FIXED-LENGTH DATA ELEMENTS--GENERAL INFORMATION
fixed length control field 211028s9999 xx 000 0 eng d
040 ## - CATALOGING SOURCE
Transcribing agency IIA Library
080 ## - UNIVERSAL DECIMAL CLASSIFICATION NUMBER
Universal Decimal Classification number 621.389.04
Item number PET
100 ## - MAIN ENTRY--PERSONAL NAME
Personal name Pettit, Joseph Mayo
9 (RLIN) 2658
245 #0 - TITLE STATEMENT
Title Electronic amplifier circuits theory and design
Statement of responsibility, etc. Joseph Mayo Pettit and Malcolm Myers McWhorter
260 ## - PUBLICATION, DISTRIBUTION, ETC.
Place of publication, distribution, etc. New York
Name of publisher, distributor, etc. McGraw-Hill
Date of publication, distribution, etc. 1961
300 ## - PHYSICAL DESCRIPTION
Extent xiii, 325p.
490 ## - SERIES STATEMENT
Series statement McGraw-Hill Electrical and Electronic Enginering Series
650 ## - SUBJECT ADDED ENTRY--TOPICAL TERM
Topical term or geographic name entry element Amplifiers
9 (RLIN) 2159
650 ## - SUBJECT ADDED ENTRY--TOPICAL TERM
Topical term or geographic name entry element Circuits
9 (RLIN) 1974
650 ## - SUBJECT ADDED ENTRY--TOPICAL TERM
Topical term or geographic name entry element Electronics
9 (RLIN) 1576
650 ## - SUBJECT ADDED ENTRY--TOPICAL TERM
Topical term or geographic name entry element Integrated Circuits
9 (RLIN) 3314
650 ## - SUBJECT ADDED ENTRY--TOPICAL TERM
Topical term or geographic name entry element NASA Thesaurus
700 ## - ADDED ENTRY--PERSONAL NAME
Personal name McWhorter, Malcolm Myers
9 (RLIN) 3793
942 ## - ADDED ENTRY ELEMENTS (KOHA)
Koha item type Books
Holdings
Withdrawn status Lost status Damaged status Not for loan Home library Current library Shelving location Date acquired Cost, normal purchase price Total Checkouts Full call number Barcode Date last seen Cost, replacement price Price effective from Koha item type Purchase Price
        IIA Library-Bangalore IIA Library-Kavalur General Stacks   43.87   621.389.04/ PET 2255 05/11/2021 43.87   Books Rs. 43.87

Powered by Koha